000 00342nam a2200157Ia 4500
008 210210b1935 xxu||||| |||| 00| 0 eng d
041 _aeng
082 _a828/271
100 _aGWYNN (S)
245 _aOliver Goldsmith
260 _aLondon
_b-
_c1935
650 _aOliver
650 _aGoldsmith
690 _aBiography
906 _a016116
999 _c135522
_d135522